[Event "Vienna op 13th"]
[Site "Vienna"]
[Date "1998.??.??"]
[Round "?"]
[White "Danner, Georg"]
[Black "Mujovic, Sabahudin"]
[Result "1-0"]
[WhiteElo "2385"]
[BlackElo "2235"]
[PlyCount "107"]
[EventDate "1998.10.25"]
[EventType "swiss"]
[EventRounds "9"]
[EventCountry "AUT"]
[SourceTitle "EXT 2000"]
[Source "ChessBase"]
[SourceDate "1999.11.16"]
[SourceVersion "1"]
[SourceVersionDate "1999.11.16"]
[SourceQuality "1"]

1. d4 Nf6 2. Nf3 g6 3. c4 Bg7 4. Nc3 d5 5. Bg5 Ne4 6. Bf4 Nxc3 7. bxc3 0-0 8. e3 c5 9. Rb1 dxc4 10. Bxc4 Nc6 11. 0-0 Bf5 12. Rb5 cxd4 13. cxd4 b6 14. Rb2 Na5 15. Ba6 Bc8 16. Bd3 Bb7 17. Qe2 Rc8 18. Rd1 Bd5 19. Rb4 f5 20. h4 Rc3 21. h5 Bf6 22. Bh6 Bg7 23. Bxg7 Kxg7 24. Ne5 Qd6 25. Rb2 Rfc8 26. e4 fxe4 27. Bxe4 Bxe4 28. Qxe4 Nc4 29. h6+ Kg8 30. Nxc4 R3xc4 31. g3 Rd8 32. Re2 e5 33. Qxe5 Qxe5 34. Rxe5 Rcxd4 35. Rxd4 Rxd4 36. Re8+ Kf7 37. Rh8 Ra4 38. Rxh7+ Kg8 39. Rg7+ Kh8 40. f4 b5 41. Rxg6 Kh7 42. Rg5 Kxh6 43. Kg2 Rxa2+ 44. Kf3 b4 45. Rb5 Ra3+ 46. Kg4 b3 47. Kh4 a5 48. Rb6+ Kg7 49. Kg5 b2 50. g4 Ra2 51. f5 a4 52. f6+ Kf7 53. Rb7+ Ke6 54. Kg6 1-0

[Event "Donau op"]
[Site "Vienna"]
[Date "1998.??.??"]
[Round "8"]
[White "Steinert, Martin"]
[Black "Mujovic, Sabahudin"]
[Result "0-1"]
[WhiteElo "2170"]
[BlackElo "2235"]
[PlyCount "98"]
[EventDate "1998.05.??"]
[EventType "swiss"]
[EventRounds "9"]
[EventCountry "AUT"]
[SourceTitle "EXT 2000"]
[Source "ChessBase"]
[SourceDate "1999.11.16"]
[SourceVersion "1"]
[SourceVersionDate "1999.11.16"]
[SourceQuality "1"]

1. d4 Nf6 2. Nf3 g6 3. c4 Bg7 4. Nc3 d5 5. Bg5 Ne4 6. cxd5 Nxg5 7. Nxg5 e6 8. Qd2 h6 9. Nf3 exd5 10. e3 0-0 11. b4 Be6 12. Be2 Nd7 13. 0-0 c6 14. Na4 b5 15. Nc5 Nxc5 16. bxc5 a5 17. Ne5 Qe8 18. Bd3 f5 19. f4 Kh7 20. Kh1 Ra7 21. g4 Bxe5 22. gxf5 Bxf5 23. fxe5 Qe6 24. Rf4 Raf7 25. Raf1 Bxd3 26. Qxd3 Kg7 27. Rxf7+ Rxf7 28. Rxf7+ Qxf7 29. Kg2 a4 30. e4 dxe4 31. Qxe4 Qxa2+ 32. Kg3 Qb3+ 33. Kh4 g5+ 34. Kg4 Qe6+ 35. Kg3 a3 36. d5 cxd5 37. Qd4 a2 38. c6 Qxc6 39. e6+ Kg8 40. Qf6 Qc7+ 41. Kh3 g4+ 42. Kg2 Qg7 43. Qd8+ Kh7 44. e7 a1Q 45. e8Q Qgb2+ 46. Kg3 Qg1+ 47. Kf4 Qf1+ 48. Kxg4 Qbg2+ 49. Kh5 Qf5+ 0-1